Library Banner

Insights and controversies Mountbatten, and provincial boundaries / (Record no. 135206)

MARC details
000 -LEADER
fixed length control field 00503nam a22001697a 4500
005 - DATE AND TIME OF LATEST TRANSACTION
control field 20240920102305.0
008 - FIXED-LENGTH DATA ELEMENTS--GENERAL INFORMATION
fixed length control field 240920b |||||||| |||| 00| 0 eng d
020 ## - INTERNATIONAL STANDARD BOOK NUMBER
International Standard Book Number 9789694026749
040 ## - CATALOGING SOURCE
Transcribing agency PK-LaUMT
082 ## - DEWEY DECIMAL CLASSIFICATION NUMBER
Classification number 954.0359
Item number IQB-I
100 ## - MAIN ENTRY--PERSONAL NAME
Personal name Iqbal Chawla, Muhammad
245 ## - TITLE STATEMENT
Title Insights and controversies Mountbatten, and provincial boundaries /
Statement of responsibility, etc by Muhammad Iqbal Chawla
260 ## - PUBLICATION, DISTRIBUTION, ETC. (IMPRINT)
Place of publication, distribution, etc Lahore :
Name of publisher, distributor, etc Vanguard Books,
Date of publication, distribution, etc 2024
300 ## - PHYSICAL DESCRIPTION
Extent x, 228 p. :
546 ## - LANGUAGE NOTE
Language note English
942 ## - ADDED ENTRY ELEMENTS (KOHA)
Koha item type Books
Holdings
Withdrawn status Lost status Damaged status Home library Current library Date acquired Full call number Barcode Date last seen Price effective from Koha item type
      UMT Main Campus UMT Main Campus 2024-09-20 954.0359 IQB-I 147367 2024-09-20 2024-09-20 Books